Language Quiz

Random Language or Actor Quiz

People Whose Names Are Sentences Quiz Stats

Quiz Updated Aug 15, 2012

Challenge
Share
Tweet
Embed
Score 0/20 Timer 04:00
0 Plays Today
Hint Name % Correct
The Dude builds a structure over a riverJeff Bridges
73.1%
American supermodel puts her money in a safe placeTyra Banks
71.1%
Civil rights activist puts her car in the drivewayRosa Parks
62.8%
Fleetwood Mac singer cuts herself shavingStevie Nicks
55.4%
British actor presses his laundryJeremy Irons
52.8%
Gambling baseball player got out of bedPete Rose
50.6%
'Narnia' author fastens a small piece of metal onto another personClive Staples Lewis
40.4%
'Notebook' author shoots out incandescent particlesNicholas Sparks
39.9%
American rock pianist makes a creaseBen Folds
38.4%
Gravel-voiced American singer sits patientlyTom Waits
35.9%
Hint Name % Correct
Long-lived American comedian catches fireGeorge Burns
35.5%
'Parent Trap' actress grinds grainHayley Mills
28.9%
Who can play guitar for Queen?Brian May
25%
American pop star pokes someone with a pointed stickBritney Spears
21.5%
'Circle of Friends' actress digs a hole like a rabbitSaffron Burrows
20.8%
'Lean on Me' singer shrivels awayBill Withers
19.7%
'Three's Company' actor tripped overNorman Fell
18.6%
Who is going to write erudite conservative commentary and obsess about baseball?George Will
13.2%
Chewbacca actor can chop woodPeter Mayhew
7.4%
Best wishes to the president of Nigeria!Goodluck Jonathan
7.4%

You're not logged in!

Compare scores with friends on all Sporcle quizzes.
Join for Free
OR
Log In

You Might Also Like...

Show Comments

Extras

Top Quizzes Today


Score Distribution

Your Account Isn't Verified!

In order to create a playlist on Sporcle, you need to verify the email address you used during registration. Go to your Sporcle Settings to finish the process.

Report this User

Report this user for behavior that violates our Community Guidelines.

Details: